Представление документа в формате RUSMARC

ПолеНазваниеЗначение
  Тип записи a
  Библиографический уровень m
001 Контрольный номер UONB/MAIN/1c6752e215b84e77aaab215e58b7ec3d
005 Дата корректировки 20260408162816.4
010 Индекс ISBN __
a ISBN 5-10-000204-2
b Уточнения в пер.
d Цена 1 р. 40 к.
9 Тираж 7000 экз.
100 Данные общей обработки __
a Данные общей обработки 20260408d1988 u y0rusy0189 ca
101 Язык документа 0_
a Язык текста rus
102 Страна публикации __
a Страна публикации RU
105 Кодированные данные (монография) __
a Кодированные данные (монография) y z 001yy
200 Заглавие и сведения об ответственности 1_
a Заглавие Технология детских и диетических молочных продуктов
e Сведения, относящиеся к заглавию справочник
f Первые сведения об ответственности П. Ф. Крашенинин [и др.]
203 Вид содержания и тип средства __
a Вид содержания Текст
b Характеристика содержания визуальный
c Тип средства непосредственный
210 Выходные данные 1_
a Место издания Москва
c Издательство Агропромиздат
d Дата издания 1988
215 Физическое описание __
a Объем 231, [1] с.
d Формат 21 см
225 Серия 1_
a Серия Технология и техника промышленного производства цельномолочных и молочноконсервированных продуктов
320 Библиография __
a Библиография Библиогр.: с. 223-227
320 Библиография __
a Библиография Предм. указ.: с. 228-230
606 Тематические рубрики 0_
a Основная рубрика Молочные продукты для детей
x Основная подрубрика Производство
j Формальный подзаголовок Справочники
606 Тематические рубрики 0_
a Основная рубрика Молочные продукты диетические
x Основная подрубрика Производство
j Формальный подзаголовок Справочники
610 Ключевые слова 0_
a Ключевые слова производство молочных продуктов; молочные продукты для детей; молочные продукты диетические
675 Индекс УДК __
a Индекс УДК 6П8.72
686 Индексы других классификаций __
a Классификационный индекс 36.95
2 Код системы rubbk
702 Вторичная интеллектуальная ответственность _1
a Фамилия Крашенинин
b Имя (инициалы) П. Ф.
g Полное личное имя Павел Фирсович
4 Код отношения 070
801 Источник записи _0
a Страна RU
b Организация Ульяновская ОНБ
c Дата составления 20260408
g Правила каталогизации RCR
801 Источник записи _1
a Страна RU
b Организация Ульяновская ОНБ
c Дата составления 20260408
g Правила каталогизации RCR
901 Тип документа __
t Тип документа m
909 Создатель записи __
a Создатель записи Шувалова
b Дата создания записи 20260408